Iónová syntéza nových fáz oxidov prechodných kovov s vysokým oxidačným stavom
Na minha lista:
| Autor principal: | |
|---|---|
| Outros Autores: | |
| Formato: | Manuscrito Livro |
| Idioma: | eslovaco |
| Publicado em: |
2025
|
| Assuntos: | |
| Acesso em linha: | http://is.stuba.sk/zp/portal_zp.pl?podrobnosti=195736 |
| Tags: |
Sem tags, seja o primeiro a adicionar uma tag!
|
MARC
| LEADER | 00000ntm a22000003a 4500 | ||
|---|---|---|---|
| 001 | stuzp105511 | ||
| 003 | SK-STU | ||
| 005 | 20250830210525.8 | ||
| 007 | ta | ||
| 008 | 150427s2015----xo-----f-mn---000-0-slo-d | ||
| 040 | |a STU |b slo | ||
| 041 | 0 | |a slo | |
| 100 | 1 | |a Ferenčík, Filip |u 067000 |k Z2 |4 aut |U MTF Materiálovotechnologická fakulta |T MTF Ústav výskumu progresívnych technológií |X 85416 |U MN7000 |Y 87 |7 85416 | |
| 242 | 0 | 1 | |a Ion beam synthesis of high oxidation state transition metal oxides |y eng |
| 245 | 1 | 0 | |a Iónová syntéza nových fáz oxidov prechodných kovov s vysokým oxidačným stavom |
| 260 | |c 2025 | ||
| 650 | 4 | |a oxid paládia |2 slo | |
| 650 | 4 | |a magnetrónové naprašovanie |2 slo | |
| 650 | 4 | |a iónová implantácia |2 slo | |
| 650 | 4 | |a tenké vrstvy |2 slo | |
| 650 | 4 | |a štruktúrna modifikácia |2 slo | |
| 650 | 4 | |a magnetron sputtering |2 eng | |
| 650 | 4 | |a thin films |2 eng | |
| 650 | 4 | |a structural modification |2 eng | |
| 650 | 4 | |a palladium oxide |2 eng | |
| 650 | 4 | |a ion implantation |2 eng | |
| 700 | 1 | |a Noga, Pavol |u 067000 |k Z1 |4 ths |U MTF Materiálovotechnologická fakulta |T MTF Ústav výskumu progresívnych technológií |X 10084 |U MN7000 |Y 87 |7 A000010084 | |
| 856 | 4 | |u http://is.stuba.sk/zp/portal_zp.pl?podrobnosti=195736 | |
| 996 | |c M* DzP-730 |l MMSKP |s P |a 0 |w stuzp105511_0001 | ||